Fußballtrainer 2 - Statistiken

Allgemein
  • Dieses Quiz wurde 83 mal gespielt
  • Das Durchschnittsergebnis liegt bei 5 aus 12
Antwortstatistiken
Beschreibung Trainer % Korrekt
Vereinslegende eines deutschen Erstligisten, dessen Coach er seit 2012 ist, genießt nicht nur bei den eigenen Fans ein hohes Ansehen, äußert sich oftmals zu politischen Themen Christian Streich
85%
der bisher erfolgreichste und am längsten im Amt gewesene Trainer der "Gunners" (1996-2018), ließ Thierry Henry und Patrick Vieira zu Weltstars aufspielen, polarisierte vor allem gegen Ende seiner Amtszeit die Fanlager, wenngleich sein Legendenstatus unbestritten war Arsene Wenger
69%
der "Knurrer" von Kerkrade, unumstrittene Identifikationsfigur für Fans des S04, UEFA-Cup-Sieger, coachte bereits RB Salzburg sowie den VFB Stuttgart Huub Stevens
66%
"Was erlauben Strunz, ware schwach wie eine Flasche leer", "Ich habe fertig" Giovanni Trapattoni
61%
deutsche dreifache FIFA-Welttrainerin des Jahres, coachte das deutsche Frauenteam von 2005 bis 2016, Weltmeisterin 2007 Silvia Neid
45%
Schweizer, von 2011 bis 2017 Trainer der österreichischen Nationalmannschaft, war für einen Nationaltrainer ungewöhnlich beliebt bei den Fans und qualifizierte sich als Gruppensieger für die EM 2016, coachte vor diesem Engagement den VFL Bochum Marcel Koller
36%
einer der prestigeträchtigsten italienischen Trainer, Brillenträger, gewann mit Juve, dem AC Milan, der AS Roma und Real Madrid mehrere Meisterschaften sowie 1994 einmal die Champions League, Trainer Englands 2010 in Südafrika Fabio Capello
31%
El Loco: der Verrückte, einer der am meist unterschätzen Trainer, Guardiola spricht in höchsten Tönen über ihn, vollbrachte 2019/20 mit Leeds United nach 16-jähriger Oberhaus-Absenz den Aufstieg in die Premier League Marcelo Bielsa
30%
führte Kroatien bei der EM 2008 ins Viertelfinale, wobei man in der Gruppenphase Deutschland 2:1 besiegen konnte, von 2015 bis 2017 stand er bei West Ham United unter Vertrag Slaven Bilic
25%
Nachfolger von Guardiola beim FC Barcelona, holte mit dem Team 2012/13 mit 100 Punkten die Meisterschaft, erlag 2014 einem Krebsleiden Tito Vilanova
22%
schwedischer Provenienz, coachte ebenjenes Team bei der EM 2008 in Österreich und der Schweiz, führte Island 2016 zur ersten EM-Teilnahme überhaupt (2:1-Sieg im Achtelfinale gegen England) Lars Lagerbäck
12%
gewann mit Estudiantes de La Plata 2009 die Copa Libertadores, Trainer der argentinischen Nationalmannschaft bei der WM 2014 in Brasilien, verstarb 2020 Alejandro Sabella
6%
Keine übereinstimmenden Quizze gefunden
Verteilung der Resultate
Anzahl Personen mit jedem Resultat
Perzentil nach korrekt beantworteten Fragen
Ihre Resultats-Entwicklung
Sie haben dieses Quiz noch nicht gespielt